LIBRARY & INFORMATION CENTRE, KCAET, TAVANUR

ONLINE PUBLIC ACCESS CATALOGUE (OPAC)

Integrated watershed management (Record no. 13878)

MARC details
000 -LEADER
fixed length control field 00311nam a22001337a 4500
020 ## - INTERNATIONAL STANDARD BOOK NUMBER
ISBN 9780470376256
082 ## - DEWEY DECIMAL CLASSIFICATION NUMBER
Classification number 551.492 HEA/IN
100 ## - MAIN ENTRY--AUTHOR NAME
Personal name Heathcote,Isobel W
245 ## - TITLE STATEMENT
Title Integrated watershed management
250 ## - EDITION STATEMENT
Edition statement Ed 2
260 ## - PUBLICATION, DISTRIBUTION, ETC. (IMPRINT)
Place of publication New Jersey
Name of publisher John Wiley & Sons
Year of publication 2009
300 ## - PHYSICAL DESCRIPTION
Number of Pages 453
942 ## - ADDED ENTRY ELEMENTS (KOHA)
Koha item type Books
Holdings
Withdrawn status Lost status Damaged status Collection code Home library Current library Shelving location Date acquired Source of acquisition Cost, normal purchase price Full call number Accession Number Koha item type
      Reference KAUAET KAUAET Reference 31/03/2012 Universal Research Books, Thrissur 7263.41 551.492 HEA/IN 22593 Books
free website counter